000
00260nam a2200109Ia 4500
008
220204s9999 xx 000 0 und d
082
_a
82-3
_b
LOR
100
_a
Lorrimer, Claire
245
2
_a
A Voice in the dark
260
_a
Toronto
_b
Bantam
_c
1977
942
_c
BK
999
_c
28479
_d
28479